Managerial Accounting concepts for planning, control, decision making /
Contents of this book include: The foundation; The central theme; The capstone; Selected topics for further study.
Đã lưu trong:
| Hovedforfatter: | |
|---|---|
| Format: | Bog |
| Sprog: | English |
| Udgivet: |
USA :
IRWIN,
1991.
|
| Fag: | |
| Tags: |
Tilføj Tag
Ingen Tags, Vær først til at tagge denne postø!
|
| Thư viện lưu trữ: | Mạng thư viện Đại học Đà Nẵng |
|---|
| LEADER | 00959cam a2200337 i 4500 | ||
|---|---|---|---|
| 001 | 000043052 | ||
| 003 | 927 | ||
| 005 | 20030218151347.0 | ||
| 008 | 010217|1991 vm 000 eng | ||
| 020 | |a 0256081204 | ||
| 022 | |a T | ||
| 040 | |a IRC |c IRC |d IRC | ||
| 041 | 0 | |a eng | |
| 082 | 1 | 4 | |a 658.1511 |b GA-R |
| 100 | 1 | |a Garrison, Ray H., |c D.B.A., CPA. | |
| 245 | 0 | 0 | |a Managerial Accounting concepts for planning, control, decision making / |c Ray H. Garrison. |
| 260 | |a USA : |b IRWIN, |c 1991. | ||
| 300 | |a 810p. ; |c 27cm. | ||
| 520 | 3 | |a Contents of this book include: The foundation; The central theme; The capstone; Selected topics for further study. | |
| 630 | 0 | 4 | |a Accounting. |
| 650 | 0 | 4 | |a Managerial accounting. |
| OWN | |a DUT | ||
| 999 | |a From the UDN01 | ||
| TYP | |a Monograph | ||
| TYP | |a Printed language | ||
| 980 | |a Mạng thư viện Đại học Đà Nẵng | ||


